=LDR 00000nam 2200000 4500 =001 INLIS000000000015369 =005 20130612110641 =008 ***********************************Ind** =035 ##$$0010-061300000015369 =041 ##$$a Ind =082 ##$$a 657.07 =090 ##$$a 657.07, ABD-p =100 ##$$a Abdullah, Junaidi =245 ##$$a Penuntun Belajar Akuntansi 3 Berdasarkan SMU 1994 untuk SMU Kelas III Caturwulan 1,2 dan3, Junaidi Abdullah, Ratma Budi Pratama =260 ##$$a 1996 $b Bandung =300 ##$$a 181 hlm, Ilus, 30 cm =650 ##$$a Akuntansi-Studi dan Penyajian =700 ##$$a Priatma, Ratma Budi =850 ##$$a NBPNMAT